Distribución regional del residuo fiscal neto. El caso de las municipalidades de la provincia de Buenos Aires (Registro nro. 24878)
[ vista simple ]
| 000 -LEADER | |
|---|---|
| fixed length control field | 00424 a2200121 4500 |
| 001 - CONTROL NUMBER | |
| control field | ART_11068 |
| 005 - DATE AND TIME OF LATEST TRANSACTION | |
| control field | 20260410161849.0 |
| 008 - FIXED-LENGTH DATA ELEMENTS--GENERAL INFORMATION | |
| fixed length control field | 260409a |
| 100 1# - MAIN ENTRY--PERSONAL NAME | |
| Personal name | Porto, Alberto |
| 245 10 - TITLE STATEMENT | |
| Title | Distribución regional del residuo fiscal neto. El caso de las municipalidades de la provincia de Buenos Aires |
| 700 1# - ADDED ENTRY--PERSONAL NAME | |
| Personal name | Gasparini, Leonardo C. |
| 773 0# - HOST ITEM ENTRY | |
| Title | Económica |
| Related parts | - Año XLIV, Nº 3 (dic. 1998) |
| Record control number | REV7541 |
No hay ítems disponibles.